[Event "COL-ch U20"]
[Site "Cali"]
[Date "2024.03.02"]
[Round "7"]
[White "Escobar, Daniel"]
[Black "Diaz Uchima, Emmanuel Santiago"]
[Result "1-0"]
[WhiteElo "1464"]
[BlackElo "1227"]
[PlyCount "127"]
[EventDate "2024.02.28"]
[EventType "swiss"]
[EventRounds "9"]
[EventCountry "COL"]
[SourceTitle "CB11_2024"]
[SourceDate "2024.03.13"]
[SourceVersion "1"]
[SourceVersionDate "2024.03.13"]
[SourceQuality "1"]

1. e4 c6 2. d4 d5 3. exd5 cxd5 4. Bd3 Nc6 5. c3 Nf6 6. h3 e6 7. Nf3 Bd6 8. 0-0 0-0 9. Bg5 Re8 10. Nbd2 Be7 11. Re1 Nd7 12. Bxe7 Nxe7 13. Nf1 Ng6 14. Qd2 Nb6 15. b3 Bd7 16. Ng3 a5 17. a4 f6 18. Rad1 Qc7 19. Rc1 Bc6 20. Qe3 Nf4 21. Bb1 Re7 22. Ne2 Nxe2+ 23. Rxe2 Be8 24. Nh4 g6 25. f4 f5 26. g4 Rf7 27. gxf5 exf5 28. Qg3 Bd7 29. Re5 Raf8 30. Kh2 Qc8 31. Rg1 Rf6 32. Qd3 Kf7 33. Nf3 Re8 34. Rxe8 Qxe8 35. Ne5+ Kf8 36. Qg3 Qe7 37. h4 Be6 38. Re1 Nd7 39. Nf3 h6 40. Ne5 Qg7 41. Bd3 Nxe5 42. Rxe5 Qc7 43. Qe1 Qb6 44. Bb5 Qd6 45. Qc1 Bd7 46. Bxd7 Qxd7 47. Qa3+ Qd6 48. Qc5 Kf7 49. Qxa5 Re6 50. Qb5 Qc7 51. Qxd5 Qc6 52. Qxe6+ Qxe6 53. Rxe6 Kxe6 54. c4 Kd6 55. a5 Kc6 56. b4 Kc7 57. b5 Kb8 58. c5 Kc7 59. d5 Kd7 60. a6 bxa6 61. bxa6 Kc7 62. d6+ Kc8 63. a7 Kb7 64. d7 1-0

[Event "COL-ch U20"]
[Site "Cali"]
[Date "2024.03.02"]
[Round "6"]
[White "Salazar Yandun, Daniel Alexander"]
[Black "Escobar, Daniel"]
[Result "0-1"]
[WhiteElo "1252"]
[BlackElo "1464"]
[PlyCount "91"]
[EventDate "2024.02.28"]
[EventType "swiss"]
[EventRounds "9"]
[EventCountry "COL"]
[SourceTitle "CB11_2024"]
[SourceDate "2024.03.13"]
[SourceVersion "1"]
[SourceVersionDate "2024.03.13"]
[SourceQuality "1"]

1. d4 d5 2. Nf3 Nf6 3. Bf4 e6 4. e3 c5 5. c3 Bd6 6. Bxd6 Qxd6 7. Bd3 Nc6 8. Nbd2 e5 9. dxe5 Nxe5 10. Nxe5 Qxe5 11. Nf3 Qh5 12. Nd2 Qg5 13. Qf3 0-0 14. Qg3 Qh6 15. 0-0 d4 16. cxd4 cxd4 17. Nb3 dxe3 18. Qxe3 Qxe3 19. fxe3 Re8 20. Rae1 Be6 21. Nc1 Rad8 22. b3 Bd5 23. Rf4 Re5 24. h3 Rde8 25. Kf2 Rg5 26. g4 h5 27. Rg1 h4 28. Rf5 Rxf5+ 29. Bxf5 Ne4+ 30. Bxe4 Bxe4 31. Ne2 g5 32. Nd4 Rc8 33. a4 Kf8 34. Ke2 Ke7 35. Kd2 a5 36. Rf1 f6 37. Nf5+ Ke6 38. Nd4+ Ke5 39. Nf3+ Bxf3 40. Rxf3 Rd8+ 41. Ke2 Rd6 42. Rf5+ Ke4 43. Rc5 Rb6 44. Rc4+ Kd5 45. Rd4+ Ke5 46. b4 0-1

[Event "COL-ch U20"]
[Site "Cali"]
[Date "2024.02.29"]
[Round "3"]
[White "Escobar, Daniel"]
[Black "Schettini Acuna, Massimo Matteo"]
[Result "1-0"]
[WhiteElo "1464"]
[BlackElo "1008"]
[PlyCount "45"]
[EventDate "2024.02.28"]
[EventType "swiss"]
[EventRounds "9"]
[EventCountry "COL"]
[SourceTitle "CB11_2024"]
[SourceDate "2024.03.13"]
[SourceVersion "1"]
[SourceVersionDate "2024.03.13"]
[SourceQuality "1"]

1. e4 e5 2. Nf3 Nc6 3. Nc3 Nf6 4. d4 exd4 5. Nxd4 Bb4 6. Nxc6 bxc6 7. Bd3 d5 8. exd5 cxd5 9. 0-0 0-0 10. Bg5 Be7 11. Qf3 c6 12. h3 Be6 13. Ne2 Nd7 14. Bxe7 Qxe7 15. Qg3 Rab8 16. Rab1 c5 17. c3 f6 18. Nf4 d4 19. Rfe1 Ne5 20. Nxe6 Qxe6 21. f4 c4 22. Bf1 Qb6 23. fxe5 1-0

[Event "COL-ch U20"]
[Site "Cali"]
[Date "2024.02.28"]
[Round "1"]
[White "Escobar, Daniel"]
[Black "Munoz Triana, Joseph Steve"]
[Result "0-1"]
[WhiteElo "1464"]
[BlackElo "2118"]
[PlyCount "88"]
[EventDate "2024.02.28"]
[EventType "swiss"]
[EventRounds "9"]
[EventCountry "COL"]
[SourceTitle "CB11_2024"]
[SourceDate "2024.03.13"]
[SourceVersion "1"]
[SourceVersionDate "2024.03.13"]
[SourceQuality "1"]

1. e4 c5 2. c3 d5 3. exd5 Qxd5 4. d4 Nc6 5. Nf3 Bg4 6. Be2 Nf6 7. c4 Qf5 8. d5 Bxf3 9. Bxf3 Nd4 10. Na3 Nxf3+ 11. Qxf3 Qxf3 12. gxf3 0-0-0 13. Bg5 Ne8 14. 0-0-0 g6 15. Bd2 Bg7 16. Bc3 Bxc3 17. bxc3 Nd6 18. Kc2 h5 19. Rhe1 Nf5 20. h4 Rd6 21. Nb5 Ra6 22. Kb3 Rb6 23. Ka4 a6 24. Ka5 Rf6 25. Na3 Kd7 26. Re4 b6+ 27. Ka4 Nd6 28. Re3 Rf4 29. Rb1 Nxc4 30. Nxc4 Rxc4+ 31. Kb3 Rxh4 32. Kc2 b5 33. Rbe1 Re8 34. d6 e6 35. Re5 Rc8 36. Rg5 Ra4 37. Kb2 Rf4 38. Re3 Kxd6 39. Rd3+ Ke7 40. Re5 c4 41. Rde3 h4 42. Rd5 Rd8 43. Rxd8 Kxd8 44. Ka3 Kc7 0-1

[Event "Pereira Fiestas de la Cosecha op"]
[Site "Pereira"]
[Date "2023.08.26"]
[Round "4"]
[White "Escobar, Daniel"]
[Black "Piedrahita Londono, Juan Camilo"]
[Result "1-0"]
[WhiteElo "1308"]
[BlackElo "1565"]
[PlyCount "82"]
[EventDate "2023.08.24"]
[EventType "swiss"]
[EventRounds "7"]
[EventCountry "COL"]
[SourceTitle "EXT 2024"]
[Source "ChessBase"]
[SourceDate "2023.10.10"]
[SourceVersion "1"]
[SourceVersionDate "2023.10.10"]
[SourceQuality "1"]

1. e4 c5 2. Nf3 e6 3. d4 cxd4 4. Nxd4 Nf6 5. Nc3 Qc7 6. Be3 a6 7. Qd2 Nc6 8. Be2 Bb4 9. f3 b5 10. a3 Ba5 11. 0-0 Bb7 12. Kh1 0-0 13. Nb3 Bb6 14. Bf4 Ne5 15. Rad1 d5 16. exd5 Bxd5 17. Be3 Rfd8 18. Bxb6 Qxb6 19. Qg5 Nc4 20. Rb1 Rac8 21. Bd3 h6 22. Qg3 Ne3 23. Nxd5 Nxf1 24. Nxf6+ Kh8 25. Rxf1 gxf6 26. Qh4 Kg7 27. Qg4+ Kf8 28. Nd2 Ke7 29. Ne4 Qd4 30. b3 h5 31. Qh4 Rg8 32. Qe1 h4 33. h3 Rg7 34. Qa5 Rc6 35. Qe1 Rc8 36. Qxh4 Rcg8 37. Qf2 Qd7 38. Qc5+ Kd8 39. Nxf6 Qc7 40. Qxc7+ Kxc7 41. Nxg8 Rxg8 1-0

[Event "Pereira Fiestas de la Cosecha op"]
[Site "Pereira"]
[Date "2023.08.24"]
[Round "1"]
[White "Cuellar Canosa, Nicolas"]
[Black "Escobar, Daniel"]
[Result "1-0"]
[WhiteElo "1852"]
[BlackElo "1308"]
[PlyCount "47"]
[EventDate "2023.08.24"]
[EventType "swiss"]
[EventRounds "7"]
[EventCountry "COL"]
[SourceTitle "EXT 2024"]
[Source "ChessBase"]
[SourceDate "2023.10.10"]
[SourceVersion "1"]
[SourceVersionDate "2023.10.10"]
[SourceQuality "1"]

1. e4 c5 2. Nf3 g6 3. d4 cxd4 4. Nxd4 Nc6 5. Nc3 Bg7 6. Be3 Nf6 7. Nxc6 bxc6 8. e5 Ng8 9. Bd4 e6 10. Ne4 Ne7 11. Nd6+ Kf8 12. Be2 Nf5 13. Bc3 Nxd6 14. Qxd6+ Kg8 15. 0-0 h6 16. a4 a5 17. Rfd1 Kh7 18. Bf3 Qb6 19. Qe7 Rf8 20. Ra3 Rb8 21. Qd6 Bb7 22. Rb3 Qa6 23. Qc5 h5 24. Rxd7 1-0

[Event "Rivera Huila Hernandez Memorial-B"]
[Site "Rivera Huila"]
[Date "2023.07.23"]
[Round "7"]
[White "Acuna Romero, Vladimir"]
[Black "Escobar, Daniel"]
[Result "0-1"]
[WhiteElo "1688"]
[BlackElo "1274"]
[PlyCount "54"]
[EventDate "2023.07.20"]
[EventType "swiss"]
[EventRounds "7"]
[EventCountry "COL"]
[SourceTitle "CBM 215 Extra"]
[Source "ChessBase"]
[SourceDate "2023.09.30"]
[SourceVersion "1"]
[SourceVersionDate "2023.09.30"]
[SourceQuality "1"]

1. e4 c5 2. Nc3 Nc6 3. f4 g6 4. Nf3 Bg7 5. g3 e6 6. Bg2 Nge7 7. 0-0 0-0 8. d3 d5 9. e5 Qc7 10. Ne2 f6 11. exf6 Bxf6 12. c3 b5 13. Qc2 Bb7 14. g4 b4 15. h4 bxc3 16. bxc3 Nb4 17. Qd1 Ba6 18. d4 Nbc6 19. Rf2 Bxe2 20. Rxe2 cxd4 21. cxd4 Qd7 22. h5 gxh5 23. gxh5 Nf5 24. Bb2 Kh8 25. Ng5 Ncxd4 26. Rf2 Rab8 27. Nf3 Nxf3+ 0-1

[Event "Cali Valle Colombia op-B"]
[Site "Cali Valle Colombia"]
[Date "2022.12.27"]
[Round "3"]
[White "Escobar, Daniel"]
[Black "Gutierrez Bermudez, Ivan"]
[Result "0-1"]
[WhiteElo "1278"]
[BlackElo "1743"]
[PlyCount "43"]
[EventDate "2022.12.26"]
[EventType "swiss"]
[EventRounds "8"]
[EventCountry "COL"]
[SourceTitle "CBM 211 Extra"]
[Source "ChessBase"]
[SourceDate "2023.01.31"]
[SourceVersion "1"]
[SourceVersionDate "2023.01.31"]
[SourceQuality "1"]

1. d4 d5 2. Nf3 Nf6 3. e3 e6 4. Bd3 Be7 5. Nbd2 Nbd7 6. 0-0 0-0 7. Qe2 c6 8. e4 a6 9. e5 Ne8 10. Re1 f5 11. exf6 Ndxf6 12. Ne5 Nd6 13. Ndf3 Nde4 14. Be3 Qe8 15. c4 Qh5 16. c5 g5 17. h3 h6 18. Nh2 Qxe2 19. Rxe2 Kg7 20. Bd2 Rb8 21. Ba5 h5 22. Bb1 0-1

[Event "Pereira Gildardo Garcia Memorial-B"]
[Site "Pereira"]
[Date "2022.05.22"]
[Round "8"]
[White "Escobar, Daniel"]
[Black "Torres, Saulo de Jesus"]
[Result "0-1"]
[WhiteElo "1248"]
[BlackElo "1676"]
[PlyCount "38"]
[EventDate "2022.05.18"]
[EventType "swiss"]
[EventRounds "9"]
[EventCountry "COL"]
[SourceTitle "CBM 208 Extra"]
[Source "ChessBase"]
[SourceDate "2022.07.31"]
[SourceVersion "1"]
[SourceVersionDate "2022.07.31"]
[SourceQuality "1"]

1. e4 c5 2. Nf3 g6 3. d4 cxd4 4. Nxd4 Nc6 5. Nc3 Bg7 6. Be3 Nf6 7. Bc4 0-0 8. Bb3 a5 9. f3 d5 10. Bxd5 Nxd5 11. Nxd5 e6 12. Nxc6 bxc6 13. Nc3 Rb8 14. Rb1 Rxb2 15. Rxb2 Bxc3+ 16. Ke2 Ba6+ 17. Kf2 Bxb2 18. Qb1 Bd4 19. Rd1 Qh4+ 0-1

[Event "Antioquia op"]
[Site "Antioquia"]
[Date "2020.03.04"]
[Round "3"]
[White "Suaza Sanabria, Laura Sofia"]
[Black "Escobar, Daniel"]
[Result "1-0"]
[WhiteElo "1413"]
[BlackElo "1463"]
[PlyCount "57"]
[EventDate "2020.03.03"]
[EventType "swiss"]
[EventRounds "9"]
[EventCountry "COL"]
[SourceTitle "CBM 195 Extra"]
[Source "ChessBase"]
[SourceDate "2020.05.31"]
[SourceVersion "1"]
[SourceVersionDate "2020.05.31"]
[SourceQuality "1"]

1. e4 e5 2. Nf3 Nc6 3. Bc4 Bc5 4. c3 Nf6 5. d3 a6 6. Bb3 d6 7. h3 h6 8. Nbd2 0-0 9. Nf1 Ba7 10. Ng3 d5 11. Qe2 Be6 12. 0-0 Qd7 13. Nh2 Rad8 14. Qf3 Ne7 15. Bc2 Ng6 16. Nf5 Bxf5 17. exf5 Nh4 18. Qg3 Nxf5 19. Qxe5 Rfe8 20. Qf4 Ne7 21. Qf3 Ng6 22. d4 Re7 23. Bxh6 gxh6 24. Qxf6 Re6 25. Qf3 Rde8 26. Ng4 Kg7 27. Bf5 Nh4 28. Qf4 Nxf5 29. Qxf5 1-0